L'Exposició Universal del 1888 : la modernització de Barcelona / Jordi Boladeras, Pau Farràs, Jesús Mestre la modernització de Barcelona / Jordi Boladeras, Pau Farràs, Jesús Mestre
Descripción Física:
64 p. : il. ; 20 x 21 cm
Colección:
Biblioteca de la classe ; 44
MARC
| LEADER | 00000nam a2200000Ia 4500 | ||
|---|---|---|---|
| 001 | 9540 | ||
| 008 | 160829s1990 xx 000 0 cat d | ||
| 080 | |a H-2-64 | ||
| 100 | |a Boladeras, Jordi |9 28862 | ||
| 245 | |a L'Exposició Universal del 1888 : |b la modernització de Barcelona / Jordi Boladeras, Pau Farràs, Jesús Mestre | ||
| 260 | |a Barcelona : |b Graó : |b Diputació de Barcelona, Servei d'Ensenyament i Investigació, |c 1990 | ||
| 300 | |a 64 p. : |b il. ; |c 20 x 21 cm | ||
| 490 | |a Biblioteca de la classe ; 44 | ||
| 611 | 2 | 0 | |a Exposició Universal de Barcelona |d (1887-1888 : |c Barcelona, Catalunya) |9 55061 |
| 650 | |a Barcelona |x Història |9 26945 | ||
| 700 | |a Farràs, Pau |9 28863 | ||
| 700 | |a Mestre i Godes, Jesús |9 28864 | ||
| 710 | 1 | |a Barcelona (Catalunya : Província). |b Servei d'Ensenyament i Investigació |9 54366 | |
| 901 | |a Arxiu | ||
| 942 | |n 1 | ||
| 952 | |0 0 |1 0 |4 0 |6 H264 |7 1 |9 44961 |a Arxiu |b Arxiu |d 2016-12-01 |l 0 |o H-2-64 |p 9540 |r 2016-12-01 00:00:00 |w 2016-12-01 |y ARXIU | ||
| 999 | |c 47560 |d 47560 | ||